| 000 | 00477nam a22001577a 4500 | ||
|---|---|---|---|
| 003 | OSt | ||
| 008 | 260423b |||||||| |||| 00| 0 eng d | ||
| 082 |
_a635.648 _bA81E |
||
| 100 | _aRanjan, Ashish | ||
| 245 | _aEffect of Integrated Nutrient Management on Growth, Yield and Economics of OKRA (Abelmoschus esculentus (L.) Moench.) | ||
| 260 |
_aPusa, Samastipur _bRAU, _c2003 |
||
| 300 | _a59P. | ||
| 502 |
_bMsc. _d2003 |
||
| 650 | _aVegetable & Floriculture | ||
| 942 |
_2ddc _cT |
||
| 999 |
_c50127 _d50127 |
||